[Event "SVK ECo-C Extraliga 2021-22"]
[Site "Slovakia"]
[Date "2022.02.20"]
[Round "4"]
[White "Karas, Marek"]
[Black "Turcan, Martin"]
[Result "*"]
[WhiteElo "2285"]
[BlackElo "2019"]
[Annotator "ChessBase"]
[PlyCount "21"]
[EventDate "2021.10.21"]
[EventType "team-tourn"]
[EventCountry "SVK"]
[SourceTitle "playchess.com"]
[Source "ChessBase"]
[SourceQuality "1"]
[TimeControl "40/5400+30:1800+30"]

1. d4 {[%emt 0:00:03]} Nf6 {[%emt 0:01:25]} 2. Nf3 {[%emt 0:00:06]} c5 {[%emt 0:00:16]} 3. d5 {[%emt 0:00:09]} b5 {[%emt 0:03:47]} 4. Bg5 {[%emt 0:00:28]} d6 {[%emt 0:07:38]} 5. Bxf6 {[%emt 0:00:52]} exf6 {[%emt 0:00:24]} 6. e4 {[%emt 0:00:48]} Qb6 {[%emt 0:06:37]} 7. Nbd2 {[%emt 0:00:36]} Bd7 {[%emt 0:05:23]} 8. a4 {[%emt 0:01:42]} Be7 {[%emt 0:04:54]} 9. axb5 {[%emt 0:01:25]} Bxb5 {[%emt 0:02:05]} 10. Bxb5+ {[%emt 0:00:09]} Qxb5 {[%emt 0:00:09]} 11. b3 {[%emt 0:00:32]} *

[Event "SVK ECo-C Extraliga 2021-22"]
[Site "Slovakia"]
[Date "2022.02.20"]
[Round "4"]
[White "Hros, Roman"]
[Black "Gasa, Patrik"]
[Result "1/2-1/2"]
[WhiteElo "2222"]
[BlackElo "2188"]
[Annotator "TA"]
[PlyCount "121"]
[EventDate "2021.10.21"]
[EventType "team-tourn"]
[EventCountry "SVK"]
[SourceTitle "playchess.com"]
[Source "ChessBase"]
[SourceQuality "1"]

{[%evp 12,121,31,31,32,0,33,20,27,28,37,18,27,12,35,14,17,11,55,47,36,15,10,10,19,7,10,-23,-18,-21,-19,-43,-42,-54,-53,-64,-78,-87,-65,-96,-75,-160,-145,-163,-169,-168,-172,-154,-158,-163,-160,-202,-148,-216,-9,-10,-15,-504,0,-330,0,0,30,0,0,0,0,0,0,0,0,0,0,0,0,0,8,0,0,0,0,0,0,0,0,0,0,0,0,0,0,0,0,0,0,0,0,0,0,0,0,0,0,0,0,0,0,0,0,0,0,0]} 1. e4 {[%cal Be2e4,Be4e5][%mdl 32]} Nf6 2. e5 Nd5 3. d4 d6 4. c4 Nb6 5. exd6 cxd6 6. Nc3 g6 7. Be3 Bg7 $1 {B03: Alekhine's Defence: Four Pawns Attack.} 8. a4 a5 9. Nf3 O-O 10. Be2 Bg4 11. b3 {[#]} d5 $146 ({Predecessor:} 11... Nc6 12. O-O d5 13. c5 Nd7 14. Nb5 Bf5 15. Qd2 Rc8 16. Bh6 b6 17. Rac1 Bg4 18. Bxg7 Kxg7 {½-½ (43) Lagergren,H (1923)-Arnold,E (2076) ICCF email 2019}) 12. c5 N6d7 {[%cal Od7c5]} 13. Rc1 e6 14. Nb5 Nf6 (14... Nc6 $11 {feels stronger.}) 15. Bf4 Nc6 16. Bd6 Bxf3 17. Bxf3 Ne8 {[%cal Bf6e8,Be8c7,Bc7a6,Ba6c5,Bc5b3][%mdl 32]} 18. Bxf8 Kxf8 19. Rc3 {[%cal Bc1c3,Bc3d3,Bd3d2][%mdl 32]} Nc7 20. Rd3 b6 21. h4 bxc5 22. dxc5 Na6 23. h5 Nxc5 24. Rd2 Nb4 25. hxg6 hxg6 26. Kf1 (26. O-O $142) 26... Qg5 $1 $17 {[%cal Oc5b3]} 27. g3 {[%cal Od2d4] [#]} Nxb3 $1 {[%mdl 512] Pair of Knights!} 28. Rxd5 (28. Re2 Nc5) 28... exd5 (28... Nxd5 29. Qxb3 Rd8 30. Qc4 $17) 29. Qxb3 Rd8 30. Kg2 d4 {To avoid Nc3} 31. Rh4 (31. Rh7 d3 32. Nc3 d2) (31. Qc4 $17 {was called for.}) 31... Be5 32. Be4 (32. Bd1 $17 {was necessary.} Qf5 33. Qf3) 32... d3 $2 (32... Qe7 $19 {...Bf6 is the strong threat.} 33. Bd3 Bf6) 33. f4 $11 d2 34. Bf3 $2 {[%mdl 8192]} (34. fxg5 d1=Q 35. Qxd1 Rxd1 $17) (34. Qd1 Bxf4 $1 35. Rxf4 Nd3 36. Qxd2 Nxf4+ 37. Qxf4 Rd2+ 38. Kf1 Qxf4+ 39. gxf4 Ra2 $19) (34. Nc3 $1 $11 Qxh4 35. gxh4 Bxc3 36. Bf3) 34... Rd3 $2 35. Qc4 {[%mdl 8192] [#] Inhibits Nc2.} (35. fxg5 $2 {too greedy.} Rxb3 36. Rh1 Nc2 $19) (35. Qxd3 $1 $11 {and White is okay.} Nxd3 36. fxg5 Ne1+ 37. Kf2 Nxf3 38. Rh1 Nxg5 39. Ke3) 35... Qxg3+ $2 36. Kxg3 {White wants to mate with Qc8+. Dancing on a razor blade.} Rxf3+ {[%mdl 64] Remove Defender} 37. Kxf3 {Rh1 would kill now.} d1=Q+ {The position is equal.} 38. Qe2 Qd5+ 39. Qe4 Qd1+ 40. Qe2 Qd5+ 41. Qe4 Qd1+ 42. Kg2 Qd2+ 43. Kh3 g5 44. Qxe5 {[%cal Rh4h8]} Qd3+ 45. Kg4 {[%cal Rh4h8]} gxh4 46. Qh8+ Ke7 {Strongly threatening ...Qg3+.} 47. Qe5+ Kf8 {Hoping for ...Qg3+.} 48. Qh8+ Ke7 49. Qxh4+ Kd7 50. Qf6 Qe2+ 51. Kg5 {Intending Qd6+ and mate.} Qe7 {Inhibits Qd6+.} 52. Nd4 Nd5 53. Qxe7+ Kxe7 {[%mdl 4096] Endgame KN-KN} 54. Nc6+ Kf8 55. Nxa5 {aiming for Nc4.} Nb6 {Inhibits Nc4.} 56. Nb3 {And now a5 would win.} Nxa4 57. Kf6 Nb6 58. Ke5 Nd7+ 59. Kd6 Nf6 60. f5 Ng4 61. Nc5 {Weighted Error Value: White=0.32/Black=0.29 (precise)} 1/2-1/2

[Event "SVK ECo-C Extraliga 2021-22"]
[Site "Slovakia"]
[Date "2022.02.20"]
[Round "4.1"]
[White "Korobov, Anton"]
[Black "Zilka, Stepan"]
[Result "1/2-1/2"]
[WhiteElo "2693"]
[BlackElo "2599"]
[Annotator "TA"]
[PlyCount "86"]
[EventDate "2021.10.21"]
[EventType "team-tourn"]
[EventCountry "SVK"]
[SourceTitle "playchess.com"]
[Source "ChessBase"]
[SourceQuality "1"]

{[%evp 9,86,0,0,0,10,0,0,0,15,22,31,37,45,37,27,43,45,0,56,0,0,0,0,-16,-11,-5,-12,-3,-24,-9,-12,-10,0,0,0,-8,0,0,0,-42,-46,-35,-77,-450,-348,-352,-346,-327,-237,-227,-229,-216,-78,-127,0,0,0,-126,-13,-9,-33,-32,-9,-12,-18,-52,0,-13,-33,-25,0,0,0,0,0,0,0,0,0]} 1. c4 e5 2. d3 Nf6 3. Nf3 Nc6 4. a3 d5 5. cxd5 Nxd5 6. e4 {A20: English Opening: 1...e5.} Nde7 7. Be2 g6 {[#]} 8. Nbd2 $146 ({Predecessor:} 8. b4 Bg7 9. Bb2 O-O 10. Nbd2 Nd4 11. Nxd4 exd4 12. Rc1 f5 13. Qc2 c6 14. Nb3 {1-0 (65) Zhileykin,A (2209)-Cherednichenko,D (2216) Voronezh 2017}) 8... Bg7 9. b4 Bg4 10. Bb2 a6 11. O-O O-O 12. Rc1 Qd7 13. Nb3 (13. h3 $14 Be6 14. Qc2) 13... b6 (13... Rfd8 $11) 14. h3 (14. Nbd2 $14) 14... Bxf3 $11 15. Bxf3 Rfd8 16. Be2 a5 $1 17. b5 Na7 18. a4 c6 19. bxc6 Nexc6 20. f4 exf4 21. Bxg7 Kxg7 22. Rxf4 {[%cal Od3d4]} Ne5 23. d4 Qxa4 24. Rc7 (24. Qf1 $11 {might be stronger.} Rxd4 25. Nxd4 Qxd4+ 26. Kh1) 24... Nac6 $15 {[%cal Rc6d4]} 25. Qf1 $1 {[%cal Rf4f7] Threatening mate with Rfxf7+.} Qxb3 26. d5 {[%mdl 8192]} (26. dxe5 $17 {was the crucial defense.} Nxe5 27. Kh1) 26... Qe3+ 27. Kh1 {[%cal Rf4f7] [#] White threatens Rfxf7+ and mate.} Rf8 28. dxc6 Qc5 {Inhibits Bc4. Hoping for ...Qd6.} 29. Qa1 Kg8 30. Rf1 Rab8 ({Don't take} 30... Nxc6 31. Qf6 Ra7 32. Rxc6 $18) (30... Qd6 $19 {is more deadly.} 31. Rb7 {[#]} Qxc6 $1) 31. Rd1 (31. Qb2 $142) 31... Rfd8 ({Much less strong is} 31... Nxc6 32. Bg4 $16) ({Black should play} 31... Rbd8 $17 {...Rxd1+ is the strong threat.} 32. Rc1 Qe3) 32. Rc1 $11 Qd6 33. Rxf7 Nxf7 (33... Kxf7 $17 34. c7 Rdc8 35. Rf1+ Kg7 36. cxb8=N Qxb8) 34. c7 {[#]} Qe5 $1 35. Qb1 {[#]} Kg7 $1 36. cxd8=Q (36. cxd8=B Rxd8) 36... Rxd8 37. Qxb6 Rd2 (37... Qxe4 $15 38. Bf3 Qb4) 38. Bf1 a4 39. Qa7 {Threatens to win with Bc4.} Qxe4 (39... Qf4 $5 {[%cal Rg7h6]}) 40. Ra1 {The position is equal.} Rd4 41. Bb5 {aiming for Rf1.} Rd2 {[%csl Gd2][%cal Re4g2]} 42. Bf1 Rd4 43. Bb5 {Strongly threatening Rf1.} Rd2 {Black had all chances to win.  Weighted Error Value: White=0.27 (precise) /Black=0.26 (precise)} 1/2-1/2

[Event "SVK ECo-C Extraliga 2021-22"]
[Site "Slovakia"]
[Date "2022.02.20"]
[Round "4.1"]
[White "Pechac, Jergus"]
[Black "Antal, Gergely"]
[Result "1-0"]
[WhiteElo "2595"]
[BlackElo "2561"]
[Annotator "TA"]
[PlyCount "77"]
[EventDate "2021.10.21"]
[EventType "team-tourn"]
[EventCountry "SVK"]
[SourceTitle "playchess.com"]
[Source "ChessBase"]
[SourceQuality "1"]

{[%evp 9,77,29,35,38,45,27,27,29,30,28,31,29,31,41,47,54,58,35,31,0,31,31,56,61,81,1,20,28,44,38,44,0,0,0,0,0,75,88,74,78,80,47,120,112,116,123,122,122,122,122,122,122,122,122,122,114,129,116,135,129,391,374,519,518,715,685,672,609,573,531]} 1. Nf3 Nf6 2. c4 g6 3. Nc3 Bg7 4. e4 e5 5. Nxe5 O-O {[%cal Of6e4]} 6. Nf3 {A16: English Opening: 1...Nf6 with ...d5.} Re8 $1 7. d3 d5 $1 8. cxd5 {White has an edge.} Nxd5 9. Bd2 Bg4 10. Be2 Nb4 11. Be3 Bxf3 12. gxf3 N8c6 {Inhibits d4.} 13. a3 Na6 14. Rc1 Nd4 {[#]} 15. h4 $146 ({Predecessor:} 15. b4 c6 16. h4 Nc7 17. h5 a5 18. hxg6 hxg6 19. bxa5 Nce6 20. f4 Qxa5 21. Kf1 {0-1 (61) Sargsyan,S (2601)-Gupta,A (2603) Chess.com INT 2020}) 15... c6 16. f4 Nc5 17. b4 (17. h5 $16) 17... Nxe2 18. Kxe2 Ne6 19. h5 a5 20. h6 (20. b5 $14) 20... axb4 $11 21. axb4 Bxc3 22. Rxc3 Nd4+ (22... Ra2+ $11 {keeps the balance.} 23. Rc2 Ra3) 23. Bxd4 $16 Qxd4 24. Qc2 Qd6 25. Kf3 {[%cal Ob4b5]} Qxb4 (25... Re6 $14) 26. Rb3 $1 Qd4 27. Rxb7 Ra3 {[%csl LRd3,LRe4] Prevents Qb3.} 28. Rb3 Rxb3 29. Qxb3 {[%mdl 4096] Endgame KQR-KQR} Rd8 30. Ke2 $1 Qf6 {[#]} 31. Qb6 $1 $40 {[%mdl 128] White goes for the king.} Qd6 32. Qe3 {Active counter play!} Ra8 33. Rb1 Qd7 34. f5 {Qg3 is the strong threat.} Qd6 {[%mdl 8192] [#] This move loses the game for Black.} (34... Re8 $16 35. Qf4 Qxf5) 35. Qg3 $1 $18 Qf8 36. Qf4 {White is clearly winning.} Rd8 37. fxg6 fxg6 38. Qxf8+ Rxf8 39. Ke3 {Inhibits Rf4.  Weighted Error Value: White=0.10 (very precise) /Black=0.23 (precise)} 1-0

[Event "SVK ECo-C Extraliga 2021-22"]
[Site "Slovakia"]
[Date "2022.02.20"]
[Round "4.1"]
[White "Pechac, Jergus"]
[Black "Papp, Gabor"]
[Result "*"]
[WhiteElo "2595"]
[BlackElo "2576"]
[Annotator "TA"]
[PlyCount "37"]
[EventDate "2021.10.21"]
[EventType "team-tourn"]
[EventCountry "SVK"]
[SourceTitle "playchess.com"]
[Source "ChessBase"]
[SourceQuality "1"]

{[%evp 9,23,36,34,40,23,36,40,22,25,36,32,25,34,39,39,51]} 1. Nf3 Nf6 2. c4 g6 3. Nc3 Bg7 4. e4 e5 5. Nxe5 O-O 6. Nf3 {A16: English Opening: 1...Nf6 with ...d5.} Re8 $1 7. d3 d5 $1 8. cxd5 Nxd5 9. Bd2 Bg4 10. Be2 Nb4 11. Be3 Bxf3 12. gxf3 {[#]  Weighted Error Value: White=0.00 (flawless) /Black=0.00 (flawless)} {Predecessor:} N8c6 $146 13. a3 Na6 14. Rc1 Nd4 15. b4 c6 16. h4 Nc7 17. h5 a5 18. hxg6 hxg6 19. bxa5 {0-1 (61) Sargsyan,S (2601)-Gupta,A (2603) Chess.com INT 2020} *

[Event "SVK ECo-C Extraliga 2021-22"]
[Site "Slovakia"]
[Date "2022.02.20"]
[Round "4.1"]
[White "Piesik Piotr"]
[Black "Petenyi Tamas"]
[Result "1/2-1/2"]
[WhiteElo "2418"]
[BlackElo "2452"]
[Annotator "TA"]
[PlyCount "33"]
[EventDate "2021.10.21"]
[EventType "team-tourn"]
[EventCountry "SVK"]
[SourceTitle "playchess.com"]
[Source "ChessBase"]
[SourceQuality "1"]

{[%evp 9,20,12,35,48,42,16,39,38,31,42,38,42,58]} 1. Nf3 g6 2. d4 Bg7 3. b3 d6 4. Bb2 Nf6 5. g3 Bg4 6. Bg2 {A49: 1 d4 Nf6 2 Nf3 g6 3 g3: Anti-King's Indian systems.} Qc8 7. Nbd2 Bh3 8. O-O {White is slightly better.} Bxg2 9. Kxg2 O-O 10. e4 Nbd7 {[#] White got outplayed after the opening.  Weighted Error Value: White=0.06 (flawless) /Black=0.09 (flawless)} {Predecessor:} 11. e5 $146 Nd5 12. Ne4 dxe5 13. dxe5 c6 14. Qe2 Nc7 15. h4 Ne6 16. Neg5 Ndc5 17. Ba3 {1-0 (25) Novikov,S (2515)-Ponkratov,P (2392) Samara 2004} 1/2-1/2

[Event "SVK ECo-C Extraliga 2021-22"]
[Site "Slovakia"]
[Date "2022.02.20"]
[Round "4.2"]
[White "Ftacnik, Lubomir"]
[Black "Druska, Juraj"]
[Result "1/2-1/2"]
[WhiteElo "2508"]
[BlackElo "2505"]
[Annotator "TA"]
[PlyCount "41"]
[EventDate "2021.10.21"]
[EventType "team-tourn"]
[EventCountry "SVK"]
[SourceTitle "playchess.com"]
[Source "ChessBase"]
[SourceQuality "1"]

{[%evp 26,41,14,0,11,0,0,0,9,2,12,0,0,0,4,0,0,0]} 1. Nf3 d5 2. d4 Nf6 3. c4 e6 4. Nc3 c5 5. cxd5 Nxd5 6. e4 Nxc3 7. bxc3 cxd4 8. cxd4 Bb4+ 9. Bd2 Bxd2+ 10. Qxd2 O-O 11. Bc4 Nd7 12. O-O b6 13. Rad1 Bb7 14. Rfe1 {The position is equal.} Rc8 {D41: Queen's Gambit Declined: Semi-Tarrasch with 5 cxd5.} 15. Bb3 Re8 16. h3 Nf6 17. Qf4 {[%cal Od4d5] [#]} Nh5 $5 $146 {[%mdl 8] An interesting novelty.} ({Predecessor:} 17... Qc7 18. Ne5 Re7 19. Qh4 b5 20. Rd3 a5 21. Rg3 Nxe4 22. Rxe4 Bxe4 23. Qxe4 a4 24. Bd1 f6 25. Nd3 Qd6 26. Nc5 Rxc5 27. Qa8+ Kf7 28. dxc5 Qxd1+ {½-½ (36) Vidit,S (2727)-Duda,J (2760) Wijk aan Zee 2022}) 18. Qe3 Nf6 19. Qf4 {[%cal Od4d5]} Nh5 20. Qg4 Nf6 21. Qf4 {Not much happened in this game.  Weighted Error Value: White=0.06 (flawless) /Black=0.01 (flawless)} 1/2-1/2

[Event "SVK ECo-C Extraliga 2021-22"]
[Site "Slovakia"]
[Date "2022.02.20"]
[Round "4.2"]
[White "Leniart, Arkadiusz"]
[Black "Saric, Ivan"]
[Result "0-1"]
[WhiteElo "2467"]
[BlackElo "2678"]
[Annotator "TA"]
[PlyCount "100"]
[EventDate "2021.10.21"]
[EventType "team-tourn"]
[EventCountry "SVK"]
[SourceTitle "playchess.com"]
[Source "ChessBase"]
[SourceQuality "1"]

{[%evp 13,100,22,33,0,18,0,-6,-2,4,0,0,0,0,0,6,0,11,0,20,12,48,-35,-35,-66,-66,-66,-67,-76,-77,-85,-74,-98,-100,-117,-106,-146,-139,-177,-182,-180,-167,-210,-216,-299,-180,-181,-171,-201,-123,-171,-169,-167,-111,-163,-166,-400,-397,-463,-463,-463,-463,-562,-562,-511,-503,-912,-903,-1175,-1160,-1156,-1152,-1150,-1118,-1094,-718,-29976,-29977,-29957,-3510,-29976,-29977,-29982,-29983,-29983,-29984,-29991,-29992,-29995,-29996]} 1. e4 c5 2. Nf3 d6 3. d4 cxd4 4. Nxd4 Nf6 5. Nc3 Nc6 6. Bg5 e6 7. Bb5 Bd7 8. O-O {8.Qd3 gains popularity. B62: Sicilian: Richter-Rauzer: 6...e6: Unusual White 7th moves.} h6 9. Bh4 Be7 {[#]} 10. Nxc6 $146 {The position is equal.} ({Predecessor:} 10. Bg3 e5 11. Nf5 Bxf5 12. exf5 O-O 13. Bh4 Nd4 14. Qd3 Rc8 15. Ba4 a6 16. Bxf6 Bxf6 {0-1 (41) Daurelle,H (2207)-Draoui,N (2373) Issy les Moulineaux 2005}) 10... bxc6 11. Ba4 d5 12. Qd3 O-O 13. Rad1 Rb8 14. Rfe1 Kh8 15. Bb3 a5 16. h3 Bc8 {[%cal Bd7c8,Bc8a6,Ba6b5][%mdl 32]} 17. Bxf6 (17. Bg3 $1 $14 Rb6 18. Qe3 (18. exd5 cxd5 19. Qe3 Rb7 $11)) 17... Bxf6 $15 18. e5 Be7 19. Na4 g6 20. c4 Ba6 21. Qe3 Kg7 22. c5 Qc7 23. Rd4 Bb5 24. h4 h5 25. Qg3 Bxa4 26. Rxa4 Bxc5 27. Rf4 (27. Re2 $142) 27... Rb4 $19 28. Bc2 Rxf4 29. Qxf4 Qe7 30. Rc1 Bb6 31. Bd1 (31. Ba4 $17) 31... c5 {[%cal Bc6c5,Bc5c4][%mdl 32]} 32. Rc3 Bd8 (32... c4 $19 {Strongly threatening ...Qb4.} 33. Bc2 f5) 33. g3 (33. b3 $17 {keeps fighting.}) 33... c4 34. Rf3 $2 (34. b3) 34... Qb4 {Hoping for ...Qe1+.} 35. Qd4 Bb6 36. Qc3 d4 {[%cal Bd5d4,Bd4d3,Bd3d2][%mdl 32]} 37. Qc1 Qe1+ 38. Kg2 d3 39. Qb1 (39. a3 $142) 39... Rd8 40. Qc1 d2 41. Qc2 Rd3 42. Rf4 Rd4 {( -> ...Rxf4)} 43. Rf3 Qe4 44. Qa4 Rd3 45. Qc2 {[#]} Qd5 (45... Bxf2 $142 $1 {[%mdl 512]} 46. b3 (46. Qa4 Bb6) 46... Bb6 47. bxc4 {[#]} Qe1 $1 {[%mdl 512]} 48. c5 Bxc5 $1 {[%mdl 512]} 49. Qxc5 Qxd1 $1 50. Rxf7+ Kxf7 51. Qc7+ Kg8 52. Qc8+ Kh7 53. Qb7+ Kh6 54. Qe4 Rd7 55. Qe3+ Kh7 56. Qf2 Qg4 57. Qg1 d1=Q 58. Qxd1 Rxd1 59. Kf2 Rd2+ 60. Ke3 Qd4+ 61. Kf3 Rf2#) 46. Qb1 a4 {Black mates.} 47. a3 Qe4 48. Qc2 {[#]} Bxf2 $1 {[%mdl 512]} 49. Qxa4 (49. Qxc4 Qxc4) 49... Bb6 50. Qc2 Qe1 {Weighted Error Value: White=0.67/Black=0.33} 0-1

[Event "SVK ECo-C Extraliga 2021-22"]
[Site "Slovakia"]
[Date "2022.02.20"]
[Round "4.2"]
[White "Nemeth Miklos"]
[Black "Lewtak Damian"]
[Result "1/2-1/2"]
[WhiteElo "2449"]
[BlackElo "2386"]
[Annotator "RC"]
[PlyCount "28"]
[EventDate "2021.10.21"]
[EventType "team-tourn"]
[EventCountry "SVK"]
[SourceTitle "playchess.com"]
[Source "ChessBase"]
[SourceQuality "1"]
[TimeControl "40/5400+30:1800+30"]

1. e4 {[%emt 0:00:07]} c5 {[%emt 0:00:05]} 2. Nf3 {[%emt 0:00:07]} d6 {[%emt 0:00:05]} 3. d4 {[%emt 0:01:46]} cxd4 {[%emt 0:00:06]} 4. Qxd4 {[%emt 0:00:03]} Nf6 {[%emt 0:00:07]} 5. Nc3 {[%emt 0:00:04]} Nc6 {[%emt 0:00:08]} 6. Bb5 {[%emt 0:00:04]} Bd7 {[%emt 0:00:08]} 7. Bxc6 {[%emt 0:00:05]} Bxc6 {[%emt 0:00:09]} 8. Bg5 {[%emt 0:00:04]} e6 {[%emt 0:00:30]} 9. O-O-O {[%emt 0:00:42]} Be7 {[%emt 0:05:07]} 10. Qd3 {[%emt 0:00:24]} Qa5 {[%emt 0:00:22]} 11. h4 {[%emt 0:00:09]} h6 {[%emt 0:04:16]} 12. Bd2 {[%emt 0:00:04]} Qa6 {[%emt 0:00:20]} 13. Qxa6 {[%emt 0:00:04]} bxa6 {[%emt 0:00:05]} 14. Rde1 {[%emt 0:05:19]} e5 {[%emt 0:07:16]} 1/2-1/2

[Event "SVK ECo-C Extraliga 2021-22"]
[Site "Slovakia"]
[Date "2022.02.20"]
[Round "4.3"]
[White "Balogh, Csaba"]
[Black "Mikrut, Dariusz"]
[Result "1-0"]
[WhiteElo "2574"]
[BlackElo "2377"]
[Annotator "TA"]
[PlyCount "129"]
[EventDate "2021.10.21"]
[EventType "team-tourn"]
[EventCountry "SVK"]
[SourceTitle "playchess.com"]
[Source "ChessBase"]
[SourceQuality "1"]

{[%evp 12,129,0,0,0,0,10,0,17,10,60,15,16,16,9,14,47,31,31,37,40,54,62,34,20,0,6,-5,41,45,38,38,38,39,44,32,47,41,36,35,35,37,38,36,22,22,38,13,27,27,39,27,43,36,75,75,75,74,59,56,53,29,28,31,33,28,39,29,62,46,43,52,38,33,26,0,0,0,0,0,7,0,0,5,5,6,72,86,86,52,65,35,53,61,77,256,229,133,12839,12839,12840,12840,12840,12840,12841,12840,12843,12843,12845,12845,12845,12846,12846,12846,27999,27997,27998,27998,27999,27998]} 1. e4 c5 2. Nf3 d6 3. Bb5+ Nd7 4. c3 Ngf6 5. Qe2 a6 6. Ba4 e6 7. O-O Be7 {B51: Sicilian: Moscow Variation (3 Bb5+) without 3...Bd7.} 8. d4 b5 {The main line 8...b5 scores better than 8...0-0.} 9. Bc2 Bb7 {The position is equal.} 10. Re1 Rc8 (10... O-O $11) 11. Bd3 (11. a4 $14) 11... Nb6 12. Nbd2 {[%cal Bb1d2,Bd2f1,Bf1g3,Bg3f5][%mdl 32]} cxd4 13. cxd4 Nfd7 {[#]} 14. Nf1 $146 ({Predecessor:} 14. b3 g5 15. h3 h5 16. Nf1 d5 17. e5 Nb8 18. Bd2 Nc6 19. Qe3 Kd7 20. Nxg5 {0-1 (46) Mozes,E-Ciocaltea,V Bucharest 1970}) 14... e5 15. Ng3 O-O 16. Nf5 Re8 17. Nxe7+ Qxe7 18. Bg5 f6 19. Bd2 d5 (19... exd4 $11 {should be considered.} 20. Nxd4 Ne5) 20. exd5 $14 Bxd5 21. dxe5 Qf7 22. Bf5 {A strong pair of Bishops.} Be6 23. Bxe6 (23. Bb1 {is interesting.} Bd5 24. Qd3 Qh5 25. exf6 Nxf6 26. Bc2) 23... Rxe6 24. Qd3 Nxe5 25. Nxe5 Rxe5 26. Rxe5 fxe5 27. Bc3 Re8 28. b3 Nd5 29. Bd2 Nf6 30. h3 Qe7 31. Rc1 Rd8 32. Qe2 Re8 33. a4 Qd7 34. Bg5 bxa4 35. Qc4+ (35. Bxf6 {feels hotter.} gxf6 36. Qc4+ Qe6 37. Qxa4 Rc8 38. Ra1) 35... Qe6 36. bxa4 (36. Qxa4 {is more complex.} Rc8 37. Rc4 Rd8 38. Rc6 Rd6 39. Rxd6 Qxd6 40. Qc4+) 36... Qxc4 37. Rxc4 {[%mdl 4096] Endgame aiming for Bxf6. KRB-KRN} Re6 38. Rc7 h6 39. Bd2 Ne4 40. Be3 Nf6 41. Ra7 Nd5 42. Bd2 Rb6 43. Kf1 Nf4 {Threatens to win with ...Rb1+.} 44. Bxf4 exf4 $11 {KR-KR} 45. Ke2 Rb2+ 46. Kf3 Rb3+ 47. Kxf4 Rb4+ 48. Kf5 Kh7 (48... Rb2 $1 $11 {keeps the balance.}) 49. Rxa6 $16 Rb2 50. f4 {Black must now prevent g4.} Rxg2 51. Rd6 (51. Rc6 $5 {[%cal Ra4a5]}) 51... Rh2 52. Rd3 $1 {Hoping for Ra3.} Ra2 {To avoid Ra3} 53. Rd4 Rh2 54. a5 {[%cal Ba4a5,Ba5a6,Ba6a7][%mdl 32] Ra4 is the strong threat.} Rxh3 $2 {[%mdl 8192] A mistake that costs the game.} (54... Ra2 $16) 55. Ra4 $1 $18 Re3 56. a6 Re8 57. a7 Ra8 58. Ke6 Kg6 59. f5+ Kg5 {[#]} 60. Ra5 $1 Kg4 {[#]} 61. Kf7 $1 h5 62. Kxg7 Rxa7+ 63. Rxa7 {White mates.} Kxf5 64. Kh6 h4 65. Ra4 {Weighted Error Value: White=0.07 (flawless) /Black=0.18 (very precise)} 1-0